| 000 | 00543nam a2200193 i 4500 | ||
|---|---|---|---|
| 001 | 56187 | ||
| 003 | ES-MaACL | ||
| 005 | 20230906163314.0 | ||
| 007 | t| | ||
| 008 | 031006q1919 sp ||||1| spa d | ||
| 100 | 1 |
_aDíaz Rodríguez, Manuel. _944411 |
|
| 245 | 1 | 0 |
_aSangre patria _b: (novela) / _cManuel Díaz Rodríguez. |
| 260 |
_aMadrid : _bJuan Pueyo, _c[1919] |
||
| 300 |
_a296 p. ; _c20 cm. |
||
| 490 | 1 | _aBiblioteca Andrés Bello | |
| 830 | 0 |
_aBiblioteca Andrés Bello _9182215 |
|
| 852 |
_aES-MaACL _jD-5105 |
||
| 999 |
_c56187 _d56187 |
||